Friction of rubber on rough surfaces (Record no. 59590)

MARC details
000 -LEADER
fixed length control field 00319nam a2200133Ia 4500
100 ## - MAIN ENTRY--AUTHOR NAME
Personal name Boggs F W
245 #0 - TITLE STATEMENT
Title Friction of rubber on rough surfaces
260 ## - PUBLICATION, DISTRIBUTION, ETC. (IMPRINT)
Name of publisher Planter
Year of publication 1957
300 ## - PHYSICAL DESCRIPTION
Number of Pages 615-621
650 ## - SUBJECT ADDED ENTRY--TOPICAL TERM
Topical Term Rubber friction
700 ## - ADDED ENTRY--PERSONAL NAME
Personal name Riemen W P
942 ## - ADDED ENTRY ELEMENTS (KOHA)
Koha item type Journals
Holdings
Withdrawn status Lost status Damaged status Not for loan Home library Current library Shelving location Date acquired Serial Enumeration / chronology Koha item type
      Journals RRII Library RRII Library Rubber chemistry 17/12/2021 Volume 33, Issue 10 Journals